Rajanī meṃ prabhāta kā aṅkura. (Record no. 52959)

MARC details
000 -LEADER
fixed length control field 00522cam a22002171 4500
001 - CONTROL NUMBER
control field sa 62000488
003 - CONTROL NUMBER IDENTIFIER
control field DLC
005 - DATE AND TIME OF LATEST TRANSACTION
control field 20260227111914.0
008 - FIXED-LENGTH DATA ELEMENTS--GENERAL INFORMATION
fixed length control field 910919s1962 ii 000 0 hino
010 ## - LIBRARY OF CONGRESS CONTROL NUMBER
LC control number sa 62000488
035 ## - SYSTEM CONTROL NUMBER
System control number (OCoLC)24421239
040 ## - CATALOGING SOURCE
Original cataloging agency DLC
Transcribing agency WaU
Modifying agency DLC
042 ## - AUTHENTICATION CODE
Authentication code premarc
050 00 - LIBRARY OF CONGRESS CALL NUMBER
Classification number PK2098.S5316
Item number R3
100 0# - MAIN ENTRY--PERSONAL NAME
Personal name Shriman Narayan,
Dates associated with a name 1912-
245 10 - TITLE STATEMENT
Title Rajanī meṃ prabhāta kā aṅkura.
260 ## - PUBLICATION, DISTRIBUTION, ETC.
Date of publication, distribution, etc. 1962.
300 ## - PHYSICAL DESCRIPTION
Extent 131 p.
Dimensions 23 cm.
500 ## - GENERAL NOTE
General note In Hindi.
500 ## - GENERAL NOTE
General note Poems.

No items available.

Powered by Koha